000 00599nam a2200169Ia 4500
008 090711s9999 xx 000 0 und d
082 _b90296
100 _aSोंदवणकर सदानंद
245 _aराधाउाgऎष्णऩ्् Sारित्र
260 _c1966
300 _a140
600 _aSोंदवणकर सदानंद
630 _aराधाउाgऎष्णऩ्् Sारित्र
700 _aSोंदवणकर सदानंद
730 _aराधाउाgऎष्णऩ्् Sारित्र
942 _cBOOK
999 _c318241
_d318241